LIBRARY & INFORMATION CENTRE, KCAET, TAVANUR

ONLINE PUBLIC ACCESS CATALOGUE (OPAC)

Properties of Refrigeration and Psychometry: | Tables and CHarts ( IN M.K.S UNITS ) (Record no. 2269)

MARC details
000 -LEADER
fixed length control field 00449cam a2200157ua 4500
003 - CONTROL NUMBER IDENTIFIER
control field OSt
008 - FIXED-LENGTH DATA ELEMENTS--GENERAL INFORMATION
fixed length control field 250207b |||||||| |||| 00| 0 eng d
041 ## - LANGUAGE CODE
Language code of text/sound track or separate title eng
082 ## - DEWEY DECIMAL CLASSIFICATION NUMBER
Classification number 697.9315
Item number ARO/PR
100 ## - MAIN ENTRY--AUTHOR NAME
Personal name Arora, Subhash C
245 00 - TITLE STATEMENT
Title Properties of Refrigeration and Psychometry:
Remainder of title Tables and CHarts ( IN M.K.S UNITS )
250 ## - EDITION STATEMENT
Edition statement 1 /
260 ## - PUBLICATION, DISTRIBUTION, ETC. (IMPRINT)
Place of publication Delhi:
Name of publisher Dhanpat Rai Publishing Co. Pvt. Ltd. ,
Year of publication 1993.
300 ## - PHYSICAL DESCRIPTION
Number of Pages 48 ; .
942 ## - ADDED ENTRY ELEMENTS (KOHA)
Koha item type Books
Holdings
Withdrawn status Lost status Damaged status Home library Current library Date acquired Cost, normal purchase price Full call number Accession Number Koha item type
      KAUAET KAUAET 07/04/2012 15.00 697.9315 ARO/PR 18786 Books
Withdrawn     KAUAET KAUAET 07/02/2025 15.00 697.9315 ARO/PR 18785 Books
Withdrawn     KAUAET KAUAET 07/02/2025 15.00 697.9315 ARO/PR 18787 Books
      KAUAET KAUAET 07/02/2025 15.00 697.9315 ARO/PR 18788 Books
free website counter